000 00752nam a2200241Ia 4500
003 OSt
005 20220918202640.0
006 a|||||r|||| 00| 0
007 ta
008 220917b |||||||| |||| 00| 0 eng d
024 _a102,785
037 _cTextual
040 _aARTS
_cARTS
_beng
041 _2eng
_aeng
082 _aV2,4M85:8.N3, M8.1-.2
100 _aKhursheed Kamal Ed.
_9104746
245 0 _aDocumentry record of the Congress Government 1937 1939 related to Muslims under Congress rule
260 _aNew Delhi
_bNational Commission on Historical and Culture Research
_c1988
490 _v2 Vols
650 _aHISTORY
942 _hV2,4M85:8.N3, M8.1-.2
_cTEXL
_2CC
999 _c226234
_d226234